000 00348nam a22001457a 4500
003 SGT
082 _a615.532
_bG15C
100 _aCLOSES, STUART
245 _aTHE GENIUS OF HOMEOPATHY LECTURE & ESSAYS ON HOMEOPATHIC PHILOSOPHY
250 _a2ND
260 _aINDIA
_bB.JAIN PUB
_c2015
300 _a348
650 _aHOMEOPATHIC
942 _2ddc
_cBK
999 _c20389
_d20389